Các tín hiệu thẩm mĩ thể hiện bằng phương tiện từ vựng – ngữ nghĩa trong tập thơ “Những bông hoa không chết” của Lưu Quang Vũ.

Một số vấn đề lí luận liên quan đến đề tài. Khảo sát các tín hiệu thẩm mĩ thể hiện bằng phương tiện từ vựng – ngữ nghĩa trong tập thơ “Những bông hoa không chết” của Lưu Quang Vũ. Tầm tác động của các tín hiệu thẩm mĩ đối với ngôn ngữ nghệ thuật thơ Lưu Quang Vũ....

Popoln opis

Shranjeno v:
Bibliografske podrobnosti
Glavni avtor: Hồ Thị Duyên
Drugi avtorji: Bùi Trọng Ngoãn TS. (Hướng dẫn)
Format: Knjiga
Jezik:Vietnamese
Izdano: Đà Nẵng Đại học Sư phạm, Đại học Đà Nẵng 2013
Teme:
Oznake: Označite
Brez oznak, prvi označite!
Thư viện lưu trữ: Mạng thư viện Đại học Đà Nẵng
LEADER 02093nam a2200421 4500
001 000019014
003 15449
005 20140313110346.0
008 140226s2013 viesd
041 |a vie 
072 |a VH 
082 1 4 |a 895.922134  |b HÔ-D 
100 1 |a Hồ Thị Duyên 
245 1 4 |a Các tín hiệu thẩm mĩ thể hiện bằng phương tiện từ vựng – ngữ nghĩa trong tập thơ “Những bông hoa không chết” của Lưu Quang Vũ.  |c Hồ Thị Duyên ; Bùi Trọng Ngoãn hướng dẫn  |k Khóa luận tốt nghiệp 
260 |a Đà Nẵng  |b Đại học Sư phạm, Đại học Đà Nẵng  |c 2013 
300 |a 72 tr.  |c 29 cm. 
500 |a Khóa luận tốt nghiệp đại học. Chuyên ngành: Sư phạm Ngữ văn 
520 |a Một số vấn đề lí luận liên quan đến đề tài. Khảo sát các tín hiệu thẩm mĩ thể hiện bằng phương tiện từ vựng – ngữ nghĩa trong tập thơ “Những bông hoa không chết” của Lưu Quang Vũ. Tầm tác động của các tín hiệu thẩm mĩ đối với ngôn ngữ nghệ thuật thơ Lưu Quang Vũ. 
600 1 4 |a Lưu Quang Vũ  |d 1948-1988  |t Tập thơ Những bông hoa không chết 
650 0 4 |a Thơ Việt Nam  |v Khóa luận tốt nghiệp  |x Lưu Quang Vũ 
653 |a Khoa Ngữ văn 
653 |a Tập thơ Những bông hoa không chết 
653 |a Thơ Việt Nam 
653 |a Tính thẩm mĩ 
653 |a Từ vựng 
653 |a Ngữ nghĩa 
653 |a Văn học Việt Nam 
700 1 |a Bùi Trọng Ngoãn  |c TS.  |e Hướng dẫn 
OWN |a LSP 
AVA |a UDN50  |b LSP  |d 895.922134 HÔ-D  |e available  |t Error 5001 Not defined in file expand_doc_bib_avail.  |f 1  |g 0  |h N  |i 0  |k 1 
999 |a From the UDN01 
AVA |a UDN50  |b LSP  |d 895.922134 HÔ-D  |e available  |t Error 5001 Not defined in file expand_doc_bib_avail.  |f 1  |g 0  |h N  |i 0  |k 1 
TYP |a Monograph 
TYP |a Printed language 
980 |a Mạng thư viện Đại học Đà Nẵng